Accidents will happen (Record no. 66485)

MARC details
000 -LEADER
fixed length control field 01072cam a2200229 4500
001 - CONTROL NUMBER
control field ABS63734
008 - FIXED-LENGTH DATA ELEMENTS--GENERAL INFORMATION
fixed length control field 000000n2001 000 0 eng u
035 ## - SYSTEM CONTROL NUMBER
System control number (Sirsi) u111592
100 ## - MAIN ENTRY--PERSONAL NAME
Personal name Williams, P.J.G.
245 ## - TITLE STATEMENT
Title Accidents will happen
260 ## - PUBLICATION, DISTRIBUTION, ETC.
Date of publication, distribution, etc. 2001
490 ## - SERIES STATEMENT
Series statement Estates Gazette
Volume/sequential designation (0111) 17 March 2001, 168(1)
520 ## - SUMMARY, ETC.
Summary, etc. The second of two articles dealing with the effects of varying the terms of a lease. Highlights how the inadvertant creation of a new lease, resulting from changes made to the original, can cause problems for both landlord and tenant. Discusses these likely problems and concerns. For instance, the landlord may discover that he has unexpectedly given the tenant security of tenure. Meanwhile the tenant may find he has to pay stamp duty again. Offers guidance on how to avoid the problems highlighted.
590 ## - LOCAL NOTE (RLIN)
Local note ABS
650 ## - SUBJECT ADDED ENTRY--TOPICAL TERM
Topical term or geographic name entry element LEASES
650 ## - SUBJECT ADDED ENTRY--TOPICAL TERM
Topical term or geographic name entry element SURRENDER AND RE-GRANT
650 ## - SUBJECT ADDED ENTRY--TOPICAL TERM
Topical term or geographic name entry element ALTERATIONS
650 ## - SUBJECT ADDED ENTRY--TOPICAL TERM
Topical term or geographic name entry element SECURITY OF TENURE
650 ## - SUBJECT ADDED ENTRY--TOPICAL TERM
Topical term or geographic name entry element STAMP DUTY
690 ## - LOCAL SUBJECT ADDED ENTRY--TOPICAL TERM (OCLC, RLIN)
Topical term or geographic name as entry element LANDLORD AND TENANT-LEASES
942 ## - ADDED ENTRY ELEMENTS (KOHA)
Suppress in OPAC 0
Holdings
Withdrawn status Lost status Source of classification or shelving scheme Damaged status Not for loan Home library Current library Shelving location Date acquired Total Checkouts Full call number Barcode Date last seen Copy number Price effective from Koha item type
    Dewey Decimal Classification     London London Journal article 22/03/2001   ABS63734 111592-1001 06/08/2019 1 06/08/2019 Journal article